Earthquake Resistant Design and Risk Reduction / (Record no. 12793)
[ view plain ]
| 000 -LEADER | |
|---|---|
| fixed length control field | 01621cam a22003378a 4500 |
| 001 - CONTROL NUMBER | |
| control field | 15647418 |
| 005 - DATE AND TIME OF LATEST TRANSACTION | |
| control field | 20090309140434.0 |
| 008 - FIXED-LENGTH DATA ELEMENTS--GENERAL INFORMATION | |
| fixed length control field | 090305s2009 enk b 001 0 eng |
| 010 ## - LIBRARY OF CONGRESS CONTROL NUMBER | |
| LC control number | 2009008862 |
| 020 ## - INTERNATIONAL STANDARD BOOK NUMBER | |
| International Standard Book Number | 9780470778159 (cloth) |
| 040 ## - CATALOGING SOURCE | |
| Original cataloging agency | DLC |
| Transcribing agency | DLC |
| 050 00 - LIBRARY OF CONGRESS CALL NUMBER | |
| Classification number | TA654.6 |
| Item number | .D69 2009 |
| 082 00 - DEWEY DECIMAL CLASSIFICATION NUMBER | |
| Classification number | 624.1762 |
| Edition number | 22 |
| Item number | DOW |
| 100 1# - MAIN ENTRY--PERSONAL NAME | |
| Personal name | Dowrick, David |
| 9 (RLIN) | 8872 |
| 245 10 - TITLE STATEMENT | |
| Title | Earthquake Resistant Design and Risk Reduction / |
| Statement of responsibility, etc | David Dowrick. |
| 250 ## - EDITION STATEMENT | |
| Edition statement | 2nd ed. |
| 260 ## - PUBLICATION, DISTRIBUTION, ETC. (IMPRINT) | |
| Place of publication, distribution, etc | Chichester, West Sussex, U.K. : |
| Name of publisher, distributor, etc | Wiley, |
| Date of publication, distribution, etc | c2009. |
| 263 ## - PROJECTED PUBLICATION DATE | |
| Projected publication date | 0907 |
| 300 ## - PHYSICAL DESCRIPTION | |
| Extent | xvi, 530p. : |
| Other physical details | ill.; |
| Dimensions | 24 cm. |
| 500 ## - GENERAL NOTE | |
| General note | Rev. ed. of: Earthquake risk reduction. 2003. |
| 504 ## - BIBLIOGRAPHY, ETC. NOTE | |
| Bibliography, etc | Includes bibliographical references and index. |
| 650 #0 - SUBJECT ADDED ENTRY--TOPICAL TERM | |
| Topical term or geographic name as entry element | Earthquake engineering. |
| 9 (RLIN) | 8873 |
| 650 #0 - SUBJECT ADDED ENTRY--TOPICAL TERM | |
| Topical term or geographic name as entry element | Earthquake resistant design. |
| 9 (RLIN) | 8874 |
| 650 #0 - SUBJECT ADDED ENTRY--TOPICAL TERM | |
| Topical term or geographic name as entry element | Earthquake hazard analysis. |
| 9 (RLIN) | 8875 |
| 700 1# - ADDED ENTRY--PERSONAL NAME | |
| Personal name | Dowrick, David J. |
| Title of a work | Earthquake risk reduction. |
| 9 (RLIN) | 8876 |
| 942 ## - ADDED ENTRY ELEMENTS (KOHA) | |
| Source of classification or shelving scheme | Dewey Decimal Classification |
| Item type | Book - Borrowing |
| Withdrawn status | Item status | Source of classification or shelving scheme | Damaged status | Not for loan | Vendor | Home library | Current library | Shelving location | Date acquired | Source of acquisition | Total Checkouts | Total Renewals | Full call number | Barcode | Date last seen | Date last borrowed | Koha item type |
|---|---|---|---|---|---|---|---|---|---|---|---|---|---|---|---|---|---|
| Dewey Decimal Classification | Baccah | Central Library | Central Library | First floor | 14/10/2009 | 4 | 1 | 624.1762 DOW | 000018085 | 15/07/2025 | 10/11/2013 | Book - Borrowing | |||||
| Dewey Decimal Classification | Baccah | Central Library | Central Library | First floor | 14/10/2009 | 3 | 624.1762 DOW | 000018084 | 15/07/2025 | 19/04/2011 | NB - Book (Non borrowing) | ||||||
| Dewey Decimal Classification | Baccah | Central Library | Central Library | First floor | 28/02/2010 | 4 | 12 | 624.1762 DOW | 000019945 | 15/07/2025 | 06/11/2012 | Book - Borrowing |